[Event "Reinstorf op"]
[Site "Reinstorf"]
[Date "2022.02.05"]
[Round "8"]
[White "Zhou, Lepu Coco"]
[Black "Rick, Uwe"]
[Result "1-0"]
[WhiteElo "1819"]
[BlackElo "2107"]
[PlyCount "67"]
[EventDate "2022.01.29"]
[EventType "swiss"]
[EventRounds "9"]
[EventCountry "GER"]
[SourceTitle "CBM 206 Extra"]
[Source "ChessBase"]
[SourceDate "2022.03.31"]
[SourceVersion "1"]
[SourceVersionDate "2022.03.31"]
[SourceQuality "1"]

1. e4 c5 2. Nf3 d6 3. Bb5+ Bd7 4. Bxd7+ Qxd7 5. c4 Nf6 6. Nc3 g6 7. d4 cxd4 8. Nxd4 Bg7 9. f3 0-0 10. 0-0 Rc8 11. b3 d5 12. exd5 Nxd5 13. Nxd5 e6 14. Bh6 exd5 15. Bxg7 Kxg7 16. Nb5 a6 17. Qd4+ Kg8 18. Nc3 dxc4 19. Nd5 Qd8 20. Nf6+ Kh8 21. Nd5+ Kg8 22. Rad1 Nc6 23. Qc3 Qf8 24. Nf6+ Kh8 25. Nd7+ Qg7 26. Qxg7+ Kxg7 27. Nb6 cxb3 28. axb3 Rab8 29. Nxc8 Rxc8 30. Rd7 Rb8 31. Rfd1 a5 32. Rc7 Nd8 33. Rd6 b5 34. Rcd7 1-0

[Event "Reinstorf Blitz op"]
[Site "Reinstorf"]
[Date "2022.02.04"]
[Round "8"]
[White "Rick, Uwe"]
[Black "Schwarz, Jochen"]
[Result "0-1"]
[WhiteElo "2107"]
[BlackElo "1905"]
[PlyCount "40"]
[EventDate "2022.01.29"]
[EventType "swiss (blitz)"]
[EventRounds "9"]
[EventCountry "GER"]
[SourceTitle "CBM 206 Extra"]
[Source "ChessBase"]
[SourceDate "2022.03.31"]
[SourceVersion "1"]
[SourceVersionDate "2022.03.31"]
[SourceQuality "1"]

1. c4 e5 2. g3 Nc6 3. Bg2 f5 4. Nc3 Nf6 5. d3 Bc5 6. e3 0-0 7. Nge2 d6 8. 0-0 Qe8 9. Nd5 Nxd5 10. cxd5 Ne7 11. d4 Bb6 12. dxe5 dxe5 13. d6 cxd6 14. Qxd6 Nc6 15. b3 e4 16. Bb2 Be6 17. Rfd1 Rd8 18. Qf4 Qf7 19. h4 h6 20. Bh3 Bc7 0-1

[Event "Niedersachsen-ch op A"]
[Site "Verden"]
[Date "2019.01.05"]
[Round "5"]
[White "Koch, Yannick"]
[Black "Rick, Uwe"]
[Result "1-0"]
[WhiteElo "2028"]
[BlackElo "2051"]
[PlyCount "83"]
[EventDate "2019.01.03"]
[EventType "swiss"]
[EventRounds "7"]
[EventCountry "GER"]
[SourceTitle "EXT 2022"]
[Source "ChessBase"]
[SourceDate "2021.10.06"]
[SourceVersion "1"]
[SourceVersionDate "2021.10.06"]
[SourceQuality "1"]

1. d4 d5 2. c4 c6 3. Nf3 Nf6 4. Nc3 a6 5. c5 Bf5 6. Bf4 e6 7. e3 Nbd7 8. Be2 Be7 9. Nd2 0-0 10. g4 Bg6 11. h4 Ne4 12. h5 Bh4 13. 0-0 e5 14. hxg6 Nxc3 15. gxh7+ Kh8 16. bxc3 exf4 17. exf4 f5 18. Bd3 fxg4 19. Qxg4 Rxf4 20. Qxf4 Bg5 21. Qg3 Bxd2 22. Bf5 Nf6 23. Rad1 Nh5 24. Qg4 Nf6 25. Qg3 Nh5 26. Qg6 Qg5+ 27. Qxg5 Bxg5 28. Rfe1 Rf8 29. Bc2 Nf4 30. Kh2 g6 31. Kg3 Kxh7 32. Rb1 Rf7 33. Kg4 Bd8 34. Re8 Ba5 35. Rh1+ Kg7 36. Rhh8 Bc7 37. Rhg8+ Kf6 38. Rc8 g5 39. Rxg5 Ne6 40. Rf5+ Ke7 41. Rxf7+ Kxf7 42. Rh8 1-0

[Event "Niedersachsen-ch op A"]
[Site "Verden"]
[Date "2019.01.05"]
[Round "6"]
[White "Rick, Uwe"]
[Black "Soellig, Martin"]
[Result "1-0"]
[WhiteElo "2051"]
[BlackElo "1983"]
[PlyCount "83"]
[EventDate "2019.01.03"]
[EventType "swiss"]
[EventRounds "7"]
[EventCountry "GER"]
[SourceTitle "EXT 2022"]
[Source "ChessBase"]
[SourceDate "2021.10.06"]
[SourceVersion "1"]
[SourceVersionDate "2021.10.06"]
[SourceQuality "1"]

1. d4 e6 2. Nf3 d5 3. c4 Nf6 4. g3 Be7 5. Bg2 c6 6. Qc2 Nbd7 7. Nbd2 0-0 8. 0-0 Re8 9. Rd1 Nf8 10. e4 Nxe4 11. Nxe4 dxe4 12. Qxe4 h6 13. Ne5 Bf6 14. Be3 Qe7 15. Rd2 g5 16. f4 Bg7 17. fxg5 hxg5 18. Rf1 f5 19. Qf3 Rd8 20. Rfd1 Bd7 21. Qe2 Be8 22. Bf2 Bf6 23. a3 Qg7 24. b4 Rac8 25. c5 Rc7 26. a4 Bxe5 27. dxe5 Rcd7 28. Rd6 a6 29. Bd4 Qh6 30. Qd2 Qg7 31. Qe3 Bh5 32. Rb1 Qe7 33. Bf1 Ng6 34. Bc4 Nf8 35. Rf1 Kh7 36. Bc3 Bf7 37. Bd2 Kg6 38. Rxf5 Kxf5 39. Bd3+ Kg4 40. Qe2+ Kh3 41. Qe4 Bg6 42. Bf1# 1-0

[Event "Niedersachsen-ch op A"]
[Site "Verden"]
[Date "2019.01.03"]
[Round "1"]
[White "Poelig, Juergen"]
[Black "Rick, Uwe"]
[Result "0-1"]
[WhiteElo "1844"]
[BlackElo "2051"]
[PlyCount "74"]
[EventDate "2019.01.03"]
[EventType "swiss"]
[EventRounds "7"]
[EventCountry "GER"]
[SourceTitle "EXT 2022"]
[Source "ChessBase"]
[SourceDate "2021.10.06"]
[SourceVersion "1"]
[SourceVersionDate "2021.10.06"]
[SourceQuality "1"]

1. Nf3 d5 2. g3 Nf6 3. Bg2 Bf5 4. d3 e6 5. 0-0 h6 6. Nbd2 Be7 7. Nh4 Bh7 8. e4 0-0 9. e5 Nfd7 10. Nhf3 c5 11. Qe2 Nc6 12. c3 b5 13. Re1 a5 14. Nf1 b4 15. h4 a4 16. a3 Na5 17. Bf4 Nb3 18. Ra2 bxc3 19. bxc3 Qa5 20. Bd2 Nxd2 21. Qxd2 Rab8 22. d4 c4 23. g4 Rb3 24. Rc1 Rfb8 25. g5 h5 26. Ng3 Bg6 27. Ne2 Rxa3 28. Nf4 Rxa2 29. Qxa2 a3 30. Nxg6 fxg6 31. Qc2 Nf8 32. Bh3 Kf7 33. Ne1 Rb2 34. Qd1 a2 35. Nf3 Ba3 36. Ne1 Rb3 37. Rc2 Bb2 0-1

[Event "Daehne Cup Region Niedersachsen 18/19"]
[Site "Lehrte"]
[Date "2018.09.15"]
[Round "2"]
[White "Sueling, Robert"]
[Black "Rick, Uwe"]
[Result "1-0"]
[WhiteElo "1958"]
[BlackElo "2073"]
[PlyCount "77"]
[EventDate "2018.09.15"]
[EventType "k.o."]
[EventRounds "3"]
[EventCountry "GER"]
[SourceTitle "EXT 2022"]
[Source "ChessBase"]
[SourceDate "2021.10.06"]
[SourceVersion "1"]
[SourceVersionDate "2021.10.06"]
[SourceQuality "1"]

1. d4 d5 2. c4 c6 3. Nf3 Nf6 4. Nc3 a6 5. Qc2 dxc4 6. e4 b5 7. e5 Nd5 8. Nxd5 Qxd5 9. b3 cxb3 10. axb3 e6 11. Bd3 Bb4+ 12. Ke2 h6 13. Be3 Bb7 14. Rac1 Ba3 15. Ra1 Be7 16. Rhc1 0-0 17. Be4 Qd7 18. Rd1 Rc8 19. g4 c5 20. dxc5 Bxe4 21. Qxe4 Qc6 22. Qxc6 Nxc6 23. Rd7 Kf8 24. Rb7 Nb4 25. Rc1 Nd5 26. c6 Ke8 27. Nd4 Bg5 28. h4 Bxe3 29. fxe3 b4 30. g5 hxg5 31. hxg5 g6 32. Rh1 Kf8 33. Rf1 Kg8 34. Rfxf7 Re8 35. Rg7+ Kh8 36. Rh7+ Kg8 37. Rbg7+ Kf8 38. Rxg6 Ne7 39. Nxe6# 1-0

[Event "Lueneburg op-A"]
[Site "Lueneburg"]
[Date "2015.08.23"]
[Round "9"]
[White "Fuchs, Judith"]
[Black "Rick, Uwe"]
[Result "1/2-1/2"]
[WhiteElo "2298"]
[BlackElo "2164"]
[PlyCount "25"]
[EventDate "2015.08.15"]
[EventType "swiss"]
[EventRounds "9"]
[EventCountry "GER"]
[SourceTitle "EXT 2016"]
[Source "ChessBase"]
[SourceDate "2015.10.08"]
[SourceVersion "1"]
[SourceVersionDate "2015.10.08"]
[SourceQuality "1"]

1. e4 c5 2. Nf3 d6 3. d4 cxd4 4. Nxd4 Nf6 5. Nc3 a6 6. Qf3 e6 7. g4 Qc7 8. g5 Nfd7 9. Be3 Nc6 10. h4 b5 11. 0-0-0 b4 12. Nce2 Nce5 13. Qh3 1/2-1/2

[Event "Lueneburg op-A"]
[Site "Lueneburg"]
[Date "2015.08.21"]
[Round "7"]
[White "Bente, Bjoern"]
[Black "Rick, Uwe"]
[Result "0-1"]
[WhiteElo "2312"]
[BlackElo "2164"]
[PlyCount "96"]
[EventDate "2015.08.15"]
[EventType "swiss"]
[EventRounds "9"]
[EventCountry "GER"]
[SourceTitle "EXT 2016"]
[Source "ChessBase"]
[SourceDate "2015.10.08"]
[SourceVersion "1"]
[SourceVersionDate "2015.10.08"]
[SourceQuality "1"]

1. e4 c5 2. Nf3 d6 3. Bb5+ Bd7 4. Bxd7+ Qxd7 5. c4 Nf6 6. Nc3 g6 7. d4 cxd4 8. Nxd4 Bg7 9. b3 0-0 10. Bb2 Nc6 11. 0-0 Rac8 12. Re1 Rfd8 13. Nxc6 bxc6 14. Qe2 Qc7 15. Na4 Nd7 16. Bxg7 Kxg7 17. Rac1 Qa5 18. Red1 Nc5 19. Nc3 Ne6 20. Qd2 Qe5 21. Qe3 Ra8 22. Ne2 a5 23. Nc3 Rdb8 24. Na4 c5 25. Rd5 Qf4 26. e5 Qxe3 27. fxe3 Rd8 28. exd6 Rxd6 29. Nxc5 Nxc5 30. Rxc5 Rd2 31. Rd5 Rxa2 32. c5 a4 33. bxa4 R8xa4 34. Rdd1 Re2 35. Kh1 Raa2 36. Rg1 Rac2 37. c6 Rxg2 38. Rge1 Rxh2+ 39. Kg1 Rhg2+ 40. Kh1 Rge2 41. Red1 Red2 42. Re1 Rxc1 43. Rxc1 Rd8 44. Kg2 Kf6 45. Kf3 Ke5 46. Kg4 f6 47. Rh1 h5+ 48. Kh4 g5+ 0-1

[Event "Lueneburg op-A"]
[Site "Lueneburg"]
[Date "2015.08.20"]
[Round "6"]
[White "Brandt, Carina"]
[Black "Rick, Uwe"]
[Result "0-1"]
[WhiteElo "1942"]
[BlackElo "2164"]
[PlyCount "50"]
[EventDate "2015.08.15"]
[EventType "swiss"]
[EventRounds "9"]
[EventCountry "GER"]
[SourceTitle "EXT 2016"]
[Source "ChessBase"]
[SourceDate "2015.10.08"]
[SourceVersion "1"]
[SourceVersionDate "2015.10.08"]
[SourceQuality "1"]

1. e4 c5 2. c3 g6 3. d4 cxd4 4. cxd4 d5 5. exd5 Nf6 6. Nc3 Nxd5 7. Qf3 e6 8. Bb5+ Nc6 9. Nge2 Bg7 10. 0-0 0-0 11. Be3 Nxc3 12. bxc3 Bd7 13. Rab1 a6 14. Bd3 b5 15. Qg3 Na5 16. Bf4 Qc8 17. Bc7 Nc4 18. Bxc4 bxc4 19. Rb4 Re8 20. Rfb1 e5 21. Bxe5 f6 22. Rb8 Qc6 23. Bd6 Raxb8 24. Rxb8 Rxb8 25. Bxb8 Qe4 0-1

[Event "Lueneburg op"]
[Site "Lueneburg"]
[Date "2014.08.13"]
[Round "5"]
[White "Stull, Norbert"]
[Black "Rick, Uwe"]
[Result "0-1"]
[WhiteElo "2056"]
[BlackElo "2187"]
[PlyCount "92"]
[EventDate "2014.08.09"]
[EventType "swiss"]
[EventRounds "9"]
[EventCountry "GER"]
[SourceTitle "CBM 161 Extra"]
[Source "ChessBase"]
[SourceDate "2014.08.29"]
[SourceVersion "1"]
[SourceVersionDate "2014.08.29"]
[SourceQuality "1"]

1. d4 d5 2. Nf3 c6 3. c4 Nf6 4. e3 Bg4 5. Nc3 e6 6. h3 Bf5 7. Be2 h6 8. 0-0 Nbd7 9. b3 Bd6 10. Bb2 0-0 11. Bd3 Bxd3 12. Qxd3 Rc8 13. e4 dxe4 14. Nxe4 Nxe4 15. Qxe4 Be7 16. Rfd1 Nf6 17. Qe3 Qb6 18. Ne5 Rcd8 19. Rd3 Qa5 20. Bc3 Bb4 21. Bxb4 Qxb4 22. Rad1 Qa5 23. Qe2 Rd6 24. Rf3 Qd8 25. Rfd3 Qe7 26. Qe3 Rfd8 27. R1d2 Kf8 28. Rd1 Ng8 29. Qe4 Nf6 30. Qe3 Kg8 31. R1d2 Kh7 32. Qf3 g6 33. Qe3 Kg7 34. h4 h5 35. Qf4 Ng8 36. g4 hxg4 37. Nxg4 Qxh4 38. Rg3 Kf8 39. Qe3 Ne7 40. Qf3 Nf5 41. Ne5 Rxd4 42. Rxd4 Rxd4 43. Rxg6 Qe4 44. Nd7+ Ke7 45. Qxe4 Rxe4 46. Nc5 Re1+ 0-1

[Event "Niedersachsen-ch"]
[Site "Bad Lauterberg"]
[Date "2003.04.18"]
[Round "9.4"]
[White "Laubsch, Bernd"]
[Black "Rick, Uwe"]
[Result "1/2-1/2"]
[WhiteElo "2250"]
[BlackElo "2055"]
[PlyCount "84"]
[EventDate "2003.??.??"]
[EventType "swiss"]
[EventRounds "9"]
[EventCountry "GER"]
[SourceTitle "EXT 2004"]
[Source "ChessBase"]
[SourceDate "2003.11.25"]
[SourceVersion "1"]
[SourceVersionDate "2003.11.25"]
[SourceQuality "1"]

1. e4 c5 2. Nf3 d6 3. d4 cxd4 4. Nxd4 Nf6 5. Nc3 a6 6. f3 e5 7. Nb3 Be7 8. g4 0-0 9. Be3 Be6 10. g5 Ne8 11. Qd2 a5 12. Bb5 Nc7 13. Ba4 d5 14. exd5 Nxd5 15. Nxd5 Bxd5 16. Rf1 Bc4 17. Qxd8 Rxd8 18. Nd2 Bxf1 19. Kxf1 Na6 20. Nc4 Nc5 21. Bxc5 Bxc5 22. Nxe5 Rd2 23. Ng4 Rad8 24. Bb3 Kf8 25. Re1 b6 26. Re2 Rxe2 27. Kxe2 Rd4 28. c3 Rf4 29. Bc2 f5 30. gxf6 gxf6 31. Bxh7 f5 32. Ne5 Kg7 33. Nd3 Rh4 34. Bxf5 Rxh2+ 35. Kd1 Be3 36. Be4 Kf6 37. a4 Kg5 38. b4 Ra2 39. bxa5 bxa5 40. Ne5 Kf4 41. Nc4 Rxa4 42. Nb2 Rxe4 1/2-1/2

[Event "Niedersachsen-ch"]
[Site "Bad Lauterberg"]
[Date "2003.04.15"]
[Round "5.4"]
[White "Rick, Uwe"]
[Black "Abraham, Jan Willem"]
[Result "0-1"]
[WhiteElo "2055"]
[BlackElo "1957"]
[PlyCount "78"]
[EventDate "2003.??.??"]
[EventType "swiss"]
[EventRounds "9"]
[EventCountry "GER"]
[SourceTitle "EXT 2004"]
[Source "ChessBase"]
[SourceDate "2003.11.25"]
[SourceVersion "1"]
[SourceVersionDate "2003.11.25"]
[SourceQuality "1"]

1. d4 Nf6 2. c4 d6 3. Nf3 Nbd7 4. Nc3 e5 5. g3 Be7 6. Bg2 0-0 7. 0-0 c6 8. h3 Re8 9. e4 a6 10. Qc2 Qc7 11. Be3 b6 12. Rab1 Bb7 13. d5 cxd5 14. cxd5 Rec8 15. Rfc1 b5 16. Qd1 Qb8 17. Nd2 Bd8 18. a4 b4 19. Na2 a5 20. Rxc8 Bxc8 21. Rc1 Bb6 22. Bxb6 Nxb6 23. Qc2 Nfd7 24. b3 Nc5 25. Bf1 Qa7 26. Kg2 Bd7 27. f4 f6 28. Bc4 Rf8 29. fxe5 fxe5 30. Rf1 Rxf1 31. Nxf1 Qc7 32. Ne3 Qc8 33. h4 Qf8 34. Nc1 Qf6 35. Be2 Qg6 36. Bf3 Qh6 37. Qe2 Qf6 38. Kh2 Qf7 39. Qc2 Qxf3 0-1

[Event "Niedersachsen-ch"]
[Site "Bad Lauterberg"]
[Date "2003.04.12"]
[Round "1.7"]
[White "Rick, Uwe"]
[Black "Perlak, Oliver"]
[Result "1-0"]
[WhiteElo "2055"]
[BlackElo "1751"]
[PlyCount "151"]
[EventDate "2003.??.??"]
[EventType "swiss"]
[EventRounds "9"]
[EventCountry "GER"]
[SourceTitle "EXT 2004"]
[Source "ChessBase"]
[SourceDate "2003.11.25"]
[SourceVersion "1"]
[SourceVersionDate "2003.11.25"]
[SourceQuality "1"]

1. d4 d5 2. c4 e6 3. cxd5 exd5 4. Nc3 c6 5. Qc2 Nf6 6. Bg5 Be7 7. e3 0-0 8. Bd3 h6 9. Bf4 Bd6 10. Bxd6 Qxd6 11. Nf3 Be6 12. 0-0 Nbd7 13. Rab1 Rfc8 14. b4 a6 15. a4 Ne8 16. a5 Nc7 17. Na4 Nb5 18. Qb2 f6 19. Nc5 Nxc5 20. bxc5 Qc7 21. Ra1 Re8 22. Nh4 Qd7 23. Bb1 g5 24. Nf3 Qg7 25. Bd3 Bf7 26. Qc2 Kh8 27. Rfe1 Rg8 28. Nd2 Bg6 29. Nf1 Bxd3 30. Qxd3 Qh7 31. Qxh7+ Kxh7 32. g4 Rge8 33. Ng3 Kg6 34. Kg2 Rad8 35. Rab1 Rd7 36. Rb3 Rde7 37. Rh1 Rd7 38. h4 Rc7 39. Kf3 Rd8 40. Rh2 Re8 41. Rb1 Nc3 42. Rbh1 Ne4 43. Nxe4 dxe4+ 44. Kg3 Rg7 45. hxg5 hxg5 46. Rh6+ Kf7 47. Rh7 Reg8 48. f3 exf3 49. Kxf3 Re8 50. e4 Rd8 51. Ke3 Rd7 52. Rxg7+ Kxg7 53. Rd1 Kf7 54. d5 cxd5 55. exd5 Kg6 56. Ke4 Re7+ 57. Kd4 f5 58. gxf5+ Kxf5 59. Rf1+ Kg6 60. d6 Re2 61. Rb1 Rd2+ 62. Ke5 Re2+ 63. Kd5 Rd2+ 64. Ke6 Re2+ 65. Kd5 Rd2+ 66. Kc4 Rc2+ 67. Kd4 Rd2+ 68. Kc3 Rd5 69. Kc4 Rd2 70. Rxb7 g4 71. d7 g3 72. c6 g2 73. Rb1 Rd6 74. Kc5 Rd2 75. c7 g1Q+ 76. Rxg1+ 1-0

[Event "Oberliga Nord W 9899"]
[Site "Germany"]
[Date "1999.02.21"]
[Round "6.8"]
[White "Rick, Uwe"]
[Black "Lunkmoss, Gerhard"]
[Result "1-0"]
[WhiteElo "2255"]
[BlackElo "2140"]
[PlyCount "51"]
[EventDate "1998.10.??"]
[EventType "team"]
[EventRounds "9"]
[EventCountry "GER"]
[SourceTitle "EXT 2003"]
[Source "ChessBase"]
[SourceDate "2002.11.25"]
[SourceVersion "1"]
[SourceVersionDate "2002.11.25"]
[SourceQuality "1"]
[WhiteTeam "Buxtehude"]
[BlackTeam "Bremen Nord"]
[WhiteTeamCountry "GER"]
[BlackTeamCountry "GER"]

1. d4 Nf6 2. c4 c5 3. d5 e6 4. Nc3 exd5 5. cxd5 d6 6. e4 g6 7. Bd3 Bg7 8. Nge2 0-0 9. 0-0 a6 10. a4 Nbd7 11. f4 Rb8 12. h3 Qc7 13. Be3 Re8 14. Ng3 c4 15. Bc2 Nc5 16. Qf3 Nfd7 17. Rad1 b5 18. axb5 axb5 19. e5 b4 20. Nce4 Nxe4 21. Nxe4 dxe5 22. f5 gxf5 23. Qxf5 Nf8 24. Qh5 Bb7 25. Ng5 f6 26. Bxh7+ 1-0